Loading...
| Fine Arts - Painting and Sculpture | 0 | 10 | 0 | 1 | 100 | 33 | 74.20 | 2 | 6 | 36.06 | 60.00 |
| Literature - World | 0 | 5 | 0 | 0 | 50 | 78 | 104.40 | 1 | 3 | 5.74 | 28.10 |
| History - American | 0 | 5 | 1 | 0 | 45 | 38 | 72.80 | 0 | 4 | 18.70 | 30.83 |
| Literature - American | 0 | 4 | 0 | 0 | 40 | 82 | 100.75 | 0 | 3 | 5.82 | 20.48 |
| Science - Physics | 0 | 4 | 0 | 1 | 40 | 64 | 88.25 | 0 | 1 | 6.42 | 14.64 |
| Fine Arts - Other | 0 | 4 | 1 | 0 | 35 | 63 | 87.25 | 0 | 3 | 9.16 | 25.71 |
| History - European | 0 | 3 | 0 | 2 | 30 | 73 | 85.00 | 0 | 0 | 4.59 | 8.69 |
| Social Science | 0 | 3 | 0 | 0 | 30 | 75 | 84.67 | 2 | 2 | 8.82 | 30.95 |
| Geography | 0 | 3 | 0 | 3 | 30 | 100 | 110.67 | 0 | 1 | 0.25 | 22.62 |
| Religion | 0 | 3 | 1 | 3 | 25 | 75 | 91.67 | 0 | 2 | 4.44 | 11.67 |
| History - World | 0 | 3 | 2 | 1 | 20 | 71 | 85.33 | 0 | 2 | 6.52 | 15.00 |
| Fine Arts - Classical Music | 0 | 2 | 0 | 0 | 20 | 107 | 111.00 | 0 | 0 | 0.92 | 6.67 |
| Current Events | 0 | 2 | 0 | 0 | 20 | 15 | 57.00 | 1 | 1 | 17.62 | 23.33 |
| Literature - European | 0 | 2 | 0 | 1 | 20 | 109 | 111.50 | 0 | 1 | 0.35 | 8.81 |
| Literature - British | 0 | 1 | 1 | 0 | 5 | 79 | 79.00 | 0 | 0 | 2.88 | 1.67 |
| History - Other | 0 | 1 | 1 | 0 | 5 | 95 | 95.00 | 0 | 0 | 1.36 | 5.00 |
| Mythology | 0 | 0 | 0 | 0 | 0 | 0.00 | 0 | 0 | 0.00 | 0.00 |